000 00542nam a2200193Ia 4500
005 20250508160558.0
008 008 250505s9999 xx 000 0 eng d
037 _aTextual
040 _aFEDL
_beng
_cFEDL
041 _aeng
_2eng
084 _a330.7, LUM
_qFEDL
100 _aLumsden Keith G. Ed.
_991511
245 0 _aRecent research in economics education
260 _aEnglewood Cliffs
_b Prentice-Hall
_c1970
300 _axi,243p.
650 _aEconomics
942 _cTEXL
_h330.7, LUM
999 _c1365432
_d1365432